National charter for the management of genetic resources in France 1998

Gardado en:
Detalles Bibliográficos
Formato: Libro
Idioma:Undetermined
Publicado: [France] 2003
Những chủ đề:
Các nhãn: Engadir etiqueta
Sen Etiquetas, Sexa o primeiro en etiquetar este rexistro!
Thư viện lưu trữ: Trung tâm Học liệu Trường Đại học Cần Thơ
LEADER 00440nam a2200157Ia 4500
001 CTU_122490
008 210402s9999 xx 000 0 und d
082 |a 341.1 
082 |b N277 
245 0 |a National charter for the management of genetic resources in France 1998 
260 |a [France] 
260 |c 2003 
650 |a United Nations 
650 |z France 
904 |i M.Loan 
980 |a Trung tâm Học liệu Trường Đại học Cần Thơ